Στη σκιά της θεμελιώδους φαντασίωσης : οι γέροντες του Αγίου Όρους στη σύγχρονη ελληνική κοινωνία : διδακτορική διατριβή

Saved in:
Bibliographic Details
Main Author: Ψάλτου, Ευστράτιος
Corporate Author: Πανεπιστήμιο Αιγαίου. Σχολή Κοινωνικών Επιστημών. Τμήμα Κοινωνικής Ανθρωπολογίας και Ιστορίας
Format: Thesis Book
Language:Greek
Published: 2014
Subjects:
Online Access:http://hdl.handle.net/11610/10958
Tags: Add Tag
No Tags, Be the first to tag this record!

MARC

LEADER 00000cam a2200000 i 4500
001 1/68099
008 150302s2014 gre d
035 |l 10121288 
040 |a GR-MY-UA  |b gre  |e aacr 
041 0 |a gre 
082 0 |a 270  |2 (22) 
100 1 |a Ψάλτου, Ευστράτιος. 
245 1 0 |a Στη σκιά της θεμελιώδους φαντασίωσης :  |b οι γέροντες του Αγίου Όρους στη σύγχρονη ελληνική κοινωνία : διδακτορική διατριβή /  |c Στρατής Ψάλτου 
260 |c 2014 
300 |a 309 σ.;  |c 30 εκ. 
502 # # |a Διατριβή (διδακτορική) – Πανεπιστήμιο Αιγαίου, Λέσβος, 2014. 
504 |a Βιβλιογραφία: σ. 279-296, παράρτημα 
650 0 0 |a Monasticism and religious orders  |z Greece  |z Athos. 
650 0 0 |a Monasteries  |z Greece  |z Athos. 
650 0 0 |a Monastic and religious life  |z Greece  |z Athos. 
650 0 0 |a Dissertations, Academic  |z Greece. 
710 2 |a Πανεπιστήμιο Αιγαίου.   |b Σχολή Κοινωνικών Επιστημών.   |b Τμήμα Κοινωνικής Ανθρωπολογίας και Ιστορίας. 
852 |a INST  |b LESVOS  |c DIATR  |e 20150302  |h 452  |p 005100056437  |q 005100056437  |t PHD  |y 23 
852 |a INST  |b LESVOS  |c DIATR  |e 20150302  |h 453  |p 005100056438  |q 005100056438  |t PHD  |y 23 
856 |u http://hdl.handle.net/11610/10958 
901 |a BIBL1-2015-1 
909 |a Λ  |b 192902 
909 |a Λ  |b 192903 
924 |a ΨΑΛΤΟΥ  |b ΣΤΡΑΤΗΣ  |y ΛΕΣΒΟΣ  |z 2014-04 
970 |a ΤΖΑΦΕΡΗ  |b ΕΥΑΓΓΕΛΙΑ  |z 2015/03/02